00433 a2200109 4500001000900000005001700009008004100026245014500067100002200212773007200234999001700306ART_327320260410161713.0260409a 10aUna contribución al estudio de la movilidad social en la Argentina. Análisis de los resultados de una encuesta para el Gran Buenos Aires1 aBeccaria, Luis A.0 tDesarrollo económicog- Vol. 17, Nº 68 (ene./mar. 1978)wREV1174 c16277d16277